Statistics for Billy Joel's Greatest Hits Album, Volumes 1 & 2

Click here to take the quiz!

General Stats

  • This quiz has been taken 209 times
  • The average score is 13 of 26

Answer Stats

HintAnswer% Correct
Piano Man
95%
Uptown Girl
85%
Allentown
71%
Only the Good Die Young
62%
She's Always a Woman
62%
Movin' Out
61%
Scenes from an Italian Restaurant
61%
New York State of Mind
60%
My Life
57%
Just the Way You Are
56%
Captain Jack
55%
It's Still Rock and Roll to Me
51%
Tell Her About It
48%
The Longest Time
48%
Big Shot
47%
You May be Right
46%
Goodnight Saigon
44%
The Stranger
44%
Pressure
42%
The Entertainer
42%
Honesty
39%
Say Goodbye to Hollywood
38%
She's Got a Way
35%
Don't Ask Me Why
33%
You're Only Human
29%
The Night is Still Young
22%

Score Distribution

Percentile by Number Answered

Percent of People with Each Score

Your Score History

You have not taken this quiz